Biotecnologia e relaė̳s familiares

Bibliographic Details
Main Author: Barboza, Heloisa Helena
Other Authors: Almeida, Vitor, da Silva, Eduardo Freitas Horc̀io
Format: eBook
Language:Portuguese
Published: Rio de Janeiro: Editora Processo, 2021
Subjects:
Online Access:Acceso restringido

MARC

LEADER 00000nam a22000007a 4500
005 20220718225715.0
007 cr|||| ||||
008 220718s2021 br |||||s|||| 00||0 por d
020 |a 978658935144-3 
035 |a 36731 
040 |a vLex 
090 |c 13581  |d 13581 
100 1 |a Barboza, Heloisa Helena 
245 1 0 |a Biotecnologia e relaė̳s familiares  |h [Recurso electrn̤ico] /  |c Heloisa Helena Barboza, Vitor Almeida, Eduardo Freitas Horc̀io da Silva 
256 |a Servicio en ln̕ea 
260 |a Rio de Janeiro:  |b Editora Processo,  |c 2021 
300 |a 1 recurso electrn̤ico 
500 |a O presente livro ren︢e as confern̊cias e apresentaė̳s proferidas no I Encontro de Biodireito: biotecnologia e relaė̳s familiares, realizado nos dias 12 e 13 de junho de 2019, no Rio de Janeiro. O Encontro foi promovido e organizado pelo Nc︢leo de Estudos e Pesquisa em Biodireito – NEPBIO, da Faculdade de Direito da Universidade do Estado do Rio de Janeiro – UERJ. A participaȯ̂ de pesquisadores e especialistas na temt̀ica do Biodireito e do Direito de Faml̕ia ensejou a apresentaȯ̂ e debate de temas complexos e tormentosos que decorrerem da crescente medicalizaȯ̂ da vida humana. A presente obra traz a pb︢lico o material produzido pelos participantes especialmente para o evento, o qual certamente permitir ̀a ampliaȯ̂ dos estudos e discusse̳s sobre queste̳s cada vez mais frequentes e relevantes para as situaė̳s jurd̕icas familiares e suas repercusse̳s nas relaė̳s privadas. 
506 1 |a Disponible solo en los productos indicados  |d vLex Global  |d vLex Global (Academic Edition, excluding Law Schools)  |d vLex Global (U.S. Academic Edition, Law Schools)  |d vLex Global (U.S. Academic Edition, excluding Law Schools)  |d vLex Global (Academic Edition, Law Schools) 
650 0 4 |a Derecho Civil  |z Brasil 
700 1 |a Almeida, Vitor 
700 1 |a da Silva, Eduardo Freitas Horc̀io 
740 0 |a vLex Libros (Servicio en ln̕ea) 
856 4 0 |u https://app.vlex.com/#/sources/36731  |z Acceso restringido 
942 |c BOOK 
999 0 |a Civil Law